Statistics for NBA Starting Lineups

Click here to take the quiz!

General Stats

  • This quiz has been taken 50 times
  • The average score is 102 of 150

Answer Stats

TeamPosPlayer% Correct
LACPGJames Harden
93%
TORSFBruce Brown
91%
BOSSFJaylen Brown
91%
PHISGTyrese Maxey
91%
LALCAnthony Davis
88%
CHIPGCoby White
88%
MILPGDamian Lillard
88%
ATLPGDejounte Murray
88%
BOSSGDerrick White
88%
PHXPGDevin Booker
88%
CLESGDonovan Mitchell
88%
MILPFGiannis Antetokounmpo
88%
NYKPGJalen Brunson
88%
DENPGJamal Murray
88%
BOSPFJayson Tatum
88%
MIASFJimmy Butler
88%
MINPFKarl-Anthony Towns
88%
LACPFKawhi Leonard
88%
SACPFKeegan Murray
88%
UTAPGKeyonte George
88%
DALSGKyrie Irving
88%
LALSFLeBron James
88%
DALPGLuka Doncic
88%
LACSFPaul George
88%
GSWPGStephen Curry
88%
NOPFZion Williamson
88%
MINSGAnthony Edwards
86%
PHXSGBradley Beal
86%
GSWCDraymond Green
86%
PHXSFGrayson Allen
86%
DETCJalen Duren
86%
HOUSGJalen Green
86%
CLECJarrett Allen
86%
DALSFJosh Green
86%
GSWSGKlay Thompson
86%
DENCNikola Jokic
86%
OKCPGShai Gilgeous-Alexander
86%
DETSFAusar Thompson
84%
SACCDomantas Sabonis
84%
OKCPFJalen Williams
84%
PHXPFKevin Durant
84%
BOSCKristaps Porzingis
84%
MINCRudy Gobert
84%
PHIPFTobias Harris
84%
MEMSFVince Williams Jr.
84%
MEMSGZiaire Williams
84%
LALSGAustin Reaves
81%
MIACBam Adebayo
81%
NOSFBrandon Ingram
81%
LALPGD'Angelo Russell
81%
SACPGDe'Aaron Fox
81%
CHIPFDeMar DeRozan
81%
INDPGTyrese Haliburton
81%
SASCVictor Wembanyama
81%
GSWSFAndrew Wiggins
79%
MILCBrook Lopez
79%
BKNPFDorian Finney-Smith
79%
SACSFHarrison Barnes
79%
BOSPGJrue Holiday
79%
DENSFMichael Porter Jr.
79%
MIASGTyler Herro
79%
DENPFAaron Gordon
77%
MINPGMike Conley
77%
ORLPFPaolo Banchero
77%
OKCCChet Holmgren
74%
ATLPFJalen Johnson
74%
MEMCJaren Jackson Jr.
74%
MILSFKhris Middleton
74%
WASPFKyle Kuzma
74%
UTASFLauri Markkanen
74%
BKNSFMikal Bridges
74%
CHAPFMiles Bridges
74%
CHICNikola Vucevic
74%
INDPFPascal Siakam
74%
PORSGAnfernee Simons
72%
BKNPGBen Simmons
72%
DETPGCade Cunningham
72%
CLEPGDarius Garland
72%
CLEPFEvan Mobley
72%
HOUPGFred VanVleet
72%
NOSGHerb Jones
72%
HOUPFJabari Smith Jr.
72%
OKCSGJosh Giddey
72%
PHXCJusuf Nurkic
72%
PHIPGKyle Lowry
72%
MIAPGTerry Rozier
72%
SASPGTre Jones
72%
WASPGTyus Jones
72%
NOPGC.J. McCollum
70%
ATLCClint Capela
70%
PORCDeandre Ayton
70%
ORLSFFranz Wagner
70%
LACCIvica Zubac
70%
NOCJonas Valanciunas
70%
DENSGKentavious Caldwell-Pope
70%
INDCMyles Turner
70%
SASPFJeremy Sochan
67%
HOUCAlperen Sengun
65%
OKCSFLuguentz Dort
65%
ATLSGBogdan Bogdanovic
63%
NYKPFBojan Bogdanovic
63%
PORPGScoot Henderson
63%
HOUSFDillon Brooks
60%
PORSFJerami Grant
60%
NYKSFJosh Hart
60%
DALPFP.J. Washington
60%
LACSGTerance Mann
60%
CHAPGTre Mann
60%
PHISFBuddy Hield
58%
UTACJohn Collins
58%
CLESFMax Strus
58%
BKNSGCam Thomas
56%
SACSGKevin Huerter
56%
BKNCNicolas Claxton
56%
LALPFRui Hachimura
56%
ORLCWendell Carter Jr.
56%
CHISFAlex Caruso
53%
ORLSGCole Anthony
53%
SASSGDevin Vassell
53%
DETSGJaden Ivey
53%
ORLPGMarkelle Fultz
53%
TORPFR.J. Barrett
53%
UTASGCollin Sexton
51%
MINSFJaden McDaniels
49%
GSWPFJonathan Kuminga
49%
MIAPFCaleb Martin
47%
CHASGCody Martin
47%
DALCDereck Lively II
47%
TORPGImmanuel Quickley
47%
TORCJakob Poeltl
47%
DETPFIsaiah Stewart
44%
MILSGMalik Beasley
44%
NYKSGDonte DiVincenzo
40%
NYKCIsaiah Hartenstein
40%
INDSFAaron Nesmith
37%
WASSFDeni Avdija
37%
CHASFBrandon Miller
30%
ATLSFSaddiq Bey
30%
CHISGAyo Dosunmu
28%
TORSGGary Trent Jr.
28%
WASCMarvin Bagley III
28%
PHICMo Bamba
26%
CHACNick Richards
26%
INDSGAndrew Nembhard
23%
PORPFJabari Walker
23%
MEMPGLuke Kennard
23%
MEMPFSanti Aldama
23%
SASSFJulian Champagnie
19%
WASSGBilal Coulibaly
14%
UTAPFTaylor Hendricks
12%

Score Distribution

Percentile by Number Answered

Percent of People with Each Score

Your Score History

You have not taken this quiz